000 00786nam a2200265 4500
003 DO-SdBPM
005 20260601101808.0
007 ta
008 161206b1900 ch ||| 00| 0 spa d
020 _a9972625826
040 _aDO-SdBPM
_bspa
_cBPMSU
_erda
082 0 4 _a591.5
_bC753a
_222
245 0 0 _aConociendo los animales salvajes
260 _c
264 _aChina :
_bLexus ,
_c[190-?]
300 _a[22] páginas :
_bilustraciones :
_c10 cm
336 _atexto
_btxt
_2rdacontent
337 _asin mediación
_bnc
_2rdamedia
338 _avolumen
_bnc
_2rdacarrier
590 _aInventariado, 2026/VM
650 7 _aAnimales salvajes
_x Enseñanza primaria
650 7 _aLibros ilustrados para niños
910 _aVMateo V. Control de calidad. BPMSU
942 _2ddc
_cBK
999 _c12296
_d12296